| 000 | 00890nam a2200253 i 4500 | ||
|---|---|---|---|
| 001 | 000049105 | ||
| 003 | DO-SdBNP | ||
| 005 | 20250205101007.0 | ||
| 008 | 190719 1989 dr 000 spa d | ||
| 040 |
_aDO-SdBNP _bspa _cBNPHU _erda |
||
| 082 |
_axx _bD449 _222 |
||
| 245 | 0 | 0 |
_aDescubramos el mundo : _bcuarto grado nivel primario |
| 246 |
_aLibros de texto basico : _blengua materna |
||
| 264 |
_aSanto Domingo : _bSecretaría de Estado de Educación Bellas Artes y Cultos, _c1989. |
||
| 300 |
_a129 paginas . : _bilustraciones ; _c28 cm. |
||
| 336 |
_2rdacontent _atexto _btxt |
||
| 337 |
_2rdamedia _asin mediación _bn |
||
| 338 |
_2rdacarrier _avolumen _bnc |
||
| 500 | _aCuarto grado - nivel primario | ||
| 590 | _aInventariado, 2023/DG | ||
| 710 | 1 |
_aRepública Dominicana. _bSecretaría de Estado de Educación, Bellas Artes y Cultos _923965 |
|
| 910 | _aDG | ||
| 942 |
_2ddc _cLBS1 |
||
| 999 |
_c54551 _d54551 |
||